Luigi Di Maio - Statistics

Statistiche generali
  • Questo quiz è stato fatto 15 volte
  • Il punteggio medio è 3 su 6
Statistiche sulle risposte
Anni Carica ricoperta % Corretto
2019- Ministro degli esteri
93%
2013- Deputato
64%
2018-2019 Ministro del lavoro
50%
2018-2019 Vicepresidente del consiglio dei ministri
50%
2018-2019 Ministro dello sviluppo economico
29%
2013-2018 Vicepresidente della camera dei deputati
29%
Nessun quiz corrispondente trovato
Distribuzione punteggi
Percentuale di utenti per punteggio
Percentile per numero di risposta
I tuoi punteggi nel tempo
Non hai fatto questo quiz